Normal view
MARC view
Entry Personal Name
001 - CONTROL NUMBER
- control field: 38939
003 - CONTROL NUMBER IDENTIFIER
- control field: OSt
005 - DATE AND TIME OF LATEST TRANSACTION
- control field: 20211105154515.0
008 - FIXED-LENGTH DATA ELEMENTS
- fixed length control field: 211105|| aca||aabn | a|a d
040 ## - CATALOGING SOURCE
- Original cataloging agency: OSt
- Transcribing agency: OSt
100 ## - HEADING--PERSONAL NAME
- Personal name: Pellegrini, Silvia
670 ## - SOURCE DATA FOUND
- Source citation: Work cat.: (OSt): Kim, Dong-Woo 38938, Hot Interstellar Matter in Elliptical Galaxies, 2012